000 00473nam a2200145Ia 4500
008 151213s9999 xx 000 0 und d
100 _aশেখ সাদী র:
245 _a১৫২ গল্প।
_cশেখ সাদী র:
260 _aঢাকা
_bসোলেমানিয়া বুক হাউস।
_c2011
300 _a10990 p.
650 _aBangla
650 _aইসলামী বই
700 _aশেখ সাদী র:
999 _c4962
_d4962